|
|
|
|
| LEADER |
00000cam a2200000 a 4500 |
| 001 |
vtls001340337 |
| 003 |
SK-MaSNL |
| 005 |
20260301151834.0 |
| 008 |
240315s1998 xo o hn 00000bhun |
| 015 |
|
|
|a SNBA1998/12-04332
|
| 020 |
|
|
|a 8071491446
|q (brož.)
|
| 035 |
|
|
|a SNK000293425
|
| 035 |
|
|
|a urn:nbn:sk:snk-amjcch
|
| 035 |
|
|
|a urn:nbn:sk:snk-am003pro
|
| 035 |
|
|
|a 49795861-CF53-4C6E-80FC-27D20B95AE3F
|
| 040 |
|
|
|a SNK
|b slo
|c SNK
|e AACR2
|
| 041 |
0 |
|
|a hun
|
| 044 |
|
|
|a xo
|c SK
|
| 080 |
|
|
|a 82:929:894.511=945.11
|2 1981
|
| 080 |
|
|
|a 894.511:929=945.11
|2 1981
|
| 080 |
|
|
|a 929 Sütő, András
|2 1981
|
| 100 |
1 |
|
|a Bertha, Zoltán,
|d 1955-
|4 aut
|9 42073
|
| 245 |
1 |
0 |
|a Sütő András
|c Bertha Zoltán
|
| 250 |
|
|
|a 2. kiad.
|
| 260 |
|
|
|a Pozsony
|b Kalligram
|c 1998
|
| 300 |
|
|
|a 262 s.
|b fotogr.
|c 18 cm
|
| 490 |
1 |
|
|a Tegnap és ma : kortárs magyar irók
|
| 504 |
|
|
|a Bibliogr.: s. 232-241
|
| 600 |
1 |
7 |
|a Sütő, András,
|d 1927-2006
|2 SNKMA
|9 113092
|
| 655 |
|
7 |
|a biografie
|2 SNKPH
|9 27965
|
| 752 |
|
|
|a Slovensko
|d Bratislava
|
| 830 |
|
0 |
|a Tegnap és ma : kortárs magyar irók
|9 393841
|
| 919 |
|
|
|a 80-7149-144-6
|
| 958 |
|
|
|a TL
|
| 958 |
|
|
|a HU
|
| 958 |
|
|
|a NB
|
| 958 |
|
|
|a BX
|
| 999 |
|
|
|c 787721
|d 789651
|
| 952 |
|
|
|t P60, <03>, [BOOK], {603}
|a SNK
|b SNK
|y PREZ
|7 0
|p 17A0153931
|o snkSD 69529
|i snkKSP 8090/98
|0 0
|1 0
|4 0
|d 1998-08-28
|l 0
|r 2005-01-02 00:00:00
|w 2026-02-24
|
| 952 |
|
|
|t P60, <04>, [BOOK], {604}
|a SNK
|b SNK
|y VYP
|7 0
|p 17A0153932
|o snkSD 69529 D1
|i snkKSP 8091/98
|0 0
|1 0
|4 0
|d 1998-08-28
|f 1
|l 0
|r 2005-01-02 00:00:00
|w 2026-02-24
|